| 000 | 00648nam a2200181Ia 4500 | ||
|---|---|---|---|
| 008 | 100920s9999 xx 000 0 und d | ||
| 082 |
_b55622 _a28 व 51 थ 80 |
||
| 100 | _aमुधोळकर रमेश. | ||
| 245 | _aरवींद्रनाथ टागोर. | ||
| 260 |
_bअनमोल प्रकाशन, पुणें 2. _c1980 |
||
| 300 |
_a36 _bसाधी |
||
| 365 | _b2 | ||
| 520 | _aबा. वि चरित्र. | ||
| 630 | _aरवींद्रनाथ टागोर. | ||
| 650 | _aबा. वि चरित्र. | ||
| 730 | _aरवींद्रनाथ टागोर. | ||
| 942 | _cBOOK | ||
| 999 |
_c699990 _d699987 |
||